Construyendo sobre arena: la política exterior salvadoreña durante las cuatro administraciones areneras /

El artículo explora la política exterior salvadoreña en los veinte años de Gobiernos del partido Arena, de 1989 a 2009; incluye una visión sintética del período previo, desde el golpe de Estado de octubre de 1979.

সংরক্ষণ করুন:
গ্রন্থ-পঞ্জীর বিবরন
প্রধান লেখক: Ribera, Ricardo
বিন্যাস: পাঠ‍্য
বিষয়গুলি:
ট্যাগগুলো: ট্যাগ যুক্ত করুন
কোনো ট্যাগ নেই, প্রথমজন হিসাবে ট্যাগ করুন!

MARC

LEADER 00000 a a2200000 04500
001 43493
003
040
100 |a Ribera, Ricardo  
245 |a Construyendo sobre arena:   |b la política exterior salvadoreña durante las cuatro administraciones areneras /  |c Ricardo Ribera  
520 |a El artículo explora la política exterior salvadoreña en los veinte años de Gobiernos del partido Arena, de 1989 a 2009; incluye una visión sintética del período previo, desde el golpe de Estado de octubre de 1979.  
590 |a SJB/NOVIEMBRE2012  
650 |a 1.DIPLOMACIA  
650 |a 2.ADMINISTRACION  
650 |a 3.NEGOCIACIONES INTERNACIONALES  
650 |a 4.HISTORIA  
650 |a 5.POLITICA EXTERIOR  
650 |a 6.TLC  
650 |a 7.EL SALVADOR  
773 |g volumen66, número727 ( , 2011), páginas 513-536  
999 |c 37696  |d 37696